000 00820nam a2200169 a 4500
008 210325s2016 ||||||||||||||||| || u
050 _aLIAZ(05)LIAZJ/2016/3/1&2
110 _aLibrary and Information Association of Zambia(LIAZ)
245 1 0 _aLibrary and Information Association Journal Volume 3 Number 1&2 2016
_cBy Library and Information Association of Zambia(LIAZ)
260 _aLusaka
_bLibrary and information Association of Zambia(LIAZ)
_c2016
300 _aiv, 75 pages : illustrations
650 _aLIBRARIES--ZAMBIA--PERIODICALS
650 _aLIBRARY AND INFORMATION ASSOCIATION OF ZAMBIA--PERIODICALS
650 _aLIBRARIES
650 _aLIBRARIES -- ZAMBIA
995 _FCBU-MAIN LIBRARY (Kitwe)
_M1
_UAVAILABLE
_WOct 8, 2021
_ZUniversity Collection
999 _c49170
_d49170